00376nam a2200157Ia 4500003000400000008004100004040001600045082002000061100001900081245005000100260002800150300000900178650001300187650000900200650000900209GCL140319s9999 xx 000 0 eng d aGCL / cGCL04aCHb783.12bR P1 aREVENU, MURIEL10aLA POTE A SEL C'EST FACILE / cREVENU, MURIEL a[S.N] : bFLEURUS IDEAS a48 P04aCHILDREN04aARTS04aCLAY